|
|
|
|
| LEADER |
00000nab a2200000 4500 |
| 001 |
vtls011984283 |
| 003 |
SK-MaSNL |
| 005 |
20260318114330.0 |
| 008 |
200729|2020 xo |||| || ||00 0|hun |
| 015 |
|
|
|a SNBRB2020/07
|
| 040 |
|
|
|a DSZK
|b slo
|d DSZK
|e rda
|
| 041 |
|
|
|a hun
|
| 043 |
|
|
|a e-xo---
|
| 044 |
|
|
|a xo
|c SK
|
| 072 |
|
7 |
|a 316.3
|x Globálne spoločnosti. Sociálna štruktúra. Sociálne skupiny
|2 konspekt
|
| 080 |
|
|
|a 316.344.6-056.26/.3:061.2
|x (437.612)
|2 2011
|
| 100 |
1 |
|
|a Reczai, Lilla
|4 aut
|9 1108333
|
| 245 |
1 |
0 |
|a Másképp is lehet élni
|c Reczai Lilla
|
| 300 |
|
|
|b Fotografie
|
| 336 |
|
|
|a text
|b txt
|2 rdacontent
|
| 337 |
|
|
|a bez média
|b n
|2 rdamedia
|
| 338 |
|
|
|a zväzok
|b nc
|2 rdacarrier
|
| 610 |
2 |
7 |
|a Grace (občianske združenie)
|2 dszk
|9 1096044
|
| 650 |
0 |
7 |
|a zdravotne postihnuté osoby
|2 SNKPH
|9 1249
|
| 650 |
0 |
7 |
|a telesne postihnutí
|2 SNKPH
|9 30009
|
| 651 |
|
7 |
|a Veľká Paka (Slovensko)
|2 SNKPHgeo
|9 86218
|
| 773 |
0 |
|
|t Magyar7
|g Évf. III, sz. 31 (2020), o. 50-51
|x 2585-9129
|
| 958 |
|
|
|a SK
|
| 958 |
|
|
|a HU
|
| 958 |
|
|
|a RG
|
| 999 |
|
|
|c 3346021
|d 3347951
|